Statistics for UEFA European Championship 2016 Teams

Click here to take the quiz!

General Stats

  • This quiz has been taken 98 times
  • The average score is 22 of 24

Answer Stats

Group A% Correct
France
100%
England
99%
Germany
98%
Spain
98%
Republic of Ireland
96%
Portugal
96%
Sweden
95%
Italy
95%
Belgium
93%
Poland
93%
Wales
92%
Slovakia
92%
Iceland
92%
Russia
92%
Croatia
90%
Switzerland
89%
Hungary
88%
Ukraine
87%
Albania
87%
Northern Ireland
84%
Austria
84%
Turkey
84%
Czech Republic
81%
Romania
80%

Score Distribution

Percentile by Number Answered

Percent of People with Each Score

Your Score History

You have not taken this quiz